000 01254cam a2200325 i 4500
001 42082
003 Mx-PuUPA
005 20260217143059.0
008 140415s1986 a gr 001 0 spa d
020 _a9687009071
040 _aMx-PuUPA
_bspa
_cMx-PuUPA
_dMx-PuUPA
_erda
041 0 _aspa
043 _an-mx---
043 _aa------
100 1 _aSánchez Navarro de Pintado, Beatriz,
_917574
_eautor
245 1 0 _aMarfiles cristianos del Oriente en México /
_cBeatriz Sánchez Navarro de Pintado
300 _a128 páginas, 105 láminas sin numerar :
_bilustraciones (principalmente a color) ;
_c31 cm +
_e1 hoja plegada en 6 sin numerar
336 _2rdacontent
_atexto
_btxt
337 _2rdamedia
_asin medio
_bn
338 _2rdacarrier
_avolumen
_bnc
650 7 _2armarc
_aArte cristiano antiguo
_zAsia
_vCatálogos
650 7 _2armarc
_aMarfiles
_zAsia
_xInfluencias portuguesas
650 7 _2armarc
_aMarfiles
_xColecciones privadas
_zMéxico
_vCatálogos
650 7 _2armarc
_aSantos (Arte)
_zAsia
_vCatálogos
650 7 _2armarc
_aTalla (Artes decorativas)
942 _2ddc
_cLI
_h736.6
_iS54
999 _c42082
_d42082